Southville International School and Colleges
Your cart is empty.
  • Cart
  • Lists
    Public lists Eva Luna New books Lux_list list_1
    Your lists Log in to create your own lists
  • Log in to your account
  • Your cookies
  • Search history
Southville International School and Colleges
  • Advanced search
  • Recent comments
  • Most popular
  • Libraries

Log in to your account

Log in with GOOGLE


If you do not have an external account, but do have a local account, you can still log in:

  1. Home
  2. MARC view: Parrot in the oven :
Normal view MARC view ISBD view

Parrot in the oven : (Record no. 11351)

[ view plain ]
MARC details
000 -LEADER
fixed length control field 01450cam a2200373 a 4500
001 - CONTROL NUMBER
control field 2104662
003 - CONTROL NUMBER IDENTIFIER
control field OSt
005 - DATE AND TIME OF LATEST TRANSACTION
control field 20140310182250.0
008 - FIXED-LENGTH DATA ELEMENTS--GENERAL INFORMATION
fixed length control field 951229s1996 nyu j 000 1 eng
010 ## - LIBRARY OF CONGRESS CONTROL NUMBER
LC control number 96002119
020 ## - INTERNATIONAL STANDARD BOOK NUMBER
International Standard Book Number 0060267046
020 ## - INTERNATIONAL STANDARD BOOK NUMBER
International Standard Book Number 0060267062 (lib. bdg.)
040 ## - CATALOGING SOURCE
Original cataloging agency DLC
Transcribing agency DLC
Modifying agency DLC
042 ## - AUTHENTICATION CODE
Authentication code lcac
050 00 - LIBRARY OF CONGRESS CALL NUMBER
Classification number PZ 7
Item number .M36718Par 1996
082 00 - DEWEY DECIMAL CLASSIFICATION NUMBER
Classification number FIC M36p
Item number 1996
100 1# - MAIN ENTRY--PERSONAL NAME
Personal name Martinez, Victor,
Dates associated with a name 1954-2011.
9 (RLIN) 19895
245 10 - TITLE STATEMENT
Title Parrot in the oven :
Remainder of title mi vida : a novel /
Statement of responsibility, etc by Victor Martinez.
246 31 - VARYING FORM OF TITLE
Title proper/short title Perico en el horno
250 ## - EDITION STATEMENT
Edition statement 1st ed.
260 ## - PUBLICATION, DISTRIBUTION, ETC. (IMPRINT)
Place of publication, distribution, etc New York :
Name of publisher, distributor, etc HarperCollins Publishers,
Date of publication, distribution, etc c1996.
300 ## - PHYSICAL DESCRIPTION
Extent 216 p. ;
Dimensions 20 cm.
500 ## - GENERAL NOTE
General note "Joanna Cotler books."
520 ## - SUMMARY, ETC.
Summary, etc Manny relates his coming of age experiences as a member of a poor Mexican American family in which the alcoholic father only adds to everyone's struggle.
650 #1 - SUBJECT ADDED ENTRY--TOPICAL TERM
Topical term or geographic name as entry element Family life
Form subdivision Fiction.
9 (RLIN) 19896
650 #1 - SUBJECT ADDED ENTRY--TOPICAL TERM
Topical term or geographic name as entry element Alcoholism
Form subdivision Fiction.
9 (RLIN) 19897
650 #1 - SUBJECT ADDED ENTRY--TOPICAL TERM
Topical term or geographic name as entry element Mexican Americans
Form subdivision Fiction.
9 (RLIN) 19898
856 42 - ELECTRONIC LOCATION AND ACCESS
Materials specified Publisher description
Uniform Resource Identifier <a href="http://www.loc.gov/catdir/description/hc041/96002119.html">http://www.loc.gov/catdir/description/hc041/96002119.html</a>
856 42 - ELECTRONIC LOCATION AND ACCESS
Materials specified Contributor biographical information
Uniform Resource Identifier <a href="http://www.loc.gov/catdir/enhancements/fy0911/96002119-b.html">http://www.loc.gov/catdir/enhancements/fy0911/96002119-b.html</a>
906 ## - LOCAL DATA ELEMENT F, LDF (RLIN)
a 7
b cbc
c orignew
d 1
e ocip
f 19
g y-gencatlg
942 ## - ADDED ENTRY ELEMENTS (KOHA)
Source of classification or shelving scheme Library of Congress Classification
Koha item type
Holdings
Withdrawn status Lost status Source of classification or shelving scheme Damaged status Home library Current library Shelving location Date acquired Total Checkouts Full call number Barcode Date last seen Copy number Price effective from Koha item type
    Library of Congress Classification   Luxembourg Library Luxembourg Library Fiction Section 09/14/2013   PZ 7 .M36718Par 1996 7054 09/14/2013 1 09/14/2013 Books

Parrot in the oven :

APA

Martinez V., . (1996). Parrot in the oven. New York: HarperCollins Publishers.

Chicago

Martinez Victor, . 1996. Parrot in the oven. New York: HarperCollins Publishers.

Harvard

Martinez V., . (1996). Parrot in the oven. New York: HarperCollins Publishers.

MLA

Martinez Victor, . Parrot in the oven. New York: HarperCollins Publishers. 1996.

  • Place hold
  • Print
  • Cite
  • Add to your cart (remove)
  • Save record
    BIBTEX Dublin Core MARCXML MARC (non-Unicode/MARC-8) MARC (Unicode/UTF-8) MARC (Unicode/UTF-8, Standard) MODS (XML) RIS
  • More searches
    Search for this title in:
    Other Libraries (WorldCat) Other Databases (Google Scholar) Online Stores (Bookfinder.com) Open Library (openlibrary.org)

Exporting to Dublin Core...

SOUTHVILLE LIBRARY

Southville International School and Colleges Library

1281 Tropical Ave. Cor. Luxembourg St., BF Homes International, Las Pinas City

Tel. No. 8256374 / 252358 Loc. 117/146

Powered by Koha